Le réponse est aussi... une ville #1 - Statistiques

Statistiques générales
  • Ce quiz a été pris 306 fois
  • Le résultat moyen est 11 sur 20
Statistiques - réponses
Par images Réponse % Correct
Lyon
100%
Troyes
83%
La Haye
80%
Liège
78%
Sucre
78%
Phoenix
74%
Sydney
67%
Pau
64%
Rennes
60%
Cannes
59%
Berne
58%
Léon
58%
Rome
54%
Lens
49%
Ostie
46%
Houston
43%
Osaka
37%
Bâton-Rouge
15%
Gênes
15%
Lima
1%
Aucun quiz correspondant
Distribution des résultats
% des personnes avec chaque résultat
Percentile par nombre de réponses
Votre historique - résultats
Vous n’avez pas pris ce quiz